00821nam a22002537a 450000500170000001000130001702000220003003500130005203700160006504000120008108200130009310000260010624500490013225000120018126000530019327000500024630000390029650000200033565000290035565000220038494200220040699900190042895201200044720170124110104.0 aA-991575 c00.00a8176481327 aA-991575 bCen Lib/Ret aDPLbEN a921bCHI aM. G. Chitkara927803 aA Karma-Yogi politician /cby M. G. Chitkara arev. ed aNew DelhibA. P. H. Publishing Corporationc2000 bNew Delhia5, Ansari Road, Darya Ganje110002 axiviii,275p. :c21cm(Hb)bcol.ill. aIncludes index  aPolitical science972739 aPoliticians99392 2ddccENh921mCHI c129925d129925 00104070aLbLd2015-07-08eCen Lib/Retg0.00l0o921 CHIpA-991575r2015-07-08 00:00:00t1v0.00w2015-07-08yEN